Cinco canciones a la madre muerta /
Gespeichert in:
| 1. Verfasser: | |
|---|---|
| Weitere Verfasser: | |
| Format: | Buch |
| Sprache: | Spanisch |
| Veröffentlicht: |
Guadalajara, México :
Gobierno del Estado de Jalisco, Departamento de Bellas Artes,
1975, c1975
|
| Schriftenreihe: | (Cuadernos de Música)
|
| Schlagworte: | |
| Tags: |
Keine Tags, Fügen Sie das erste Tag hinzu!
|
MARC
| LEADER | 00000nam^a2200000^a^4500 | ||
|---|---|---|---|
| 001 | 000165608 | ||
| 005 | 20250521000000.0 | ||
| 009 | 20260310101025.271 | ||
| 037 | |a Acervo ITESO - Biblioteca | ||
| 041 | |a ESP | ||
| 082 | |a 784. 071 |b GAL BLA | ||
| 100 | |a Galindo, Blas |e (música) | ||
| 245 | 1 | 0 | |a Cinco canciones a la madre muerta / |c Música de B. Galindo ; texto de E. Nandino. |
| 264 | 4 | |a Guadalajara, México : |b Gobierno del Estado de Jalisco, Departamento de Bellas Artes, |c 1975, c1975 | |
| 300 | |a [26] p. | ||
| 336 | |a texto |b txt |2 rdacontenido | ||
| 337 | |a sin mediación |b n |2 rdamedio | ||
| 338 | |a volumen |b nc |2 rdasoporte | ||
| 440 | 1 | |a (Cuadernos de Música) | |
| 546 | |a Edición bilingüe español-inglés | ||
| 649 | |a XX | ||
| 650 | |a Piano - |x Partituras | ||
| 650 | |a Piano - |z México - |x Partituras | ||
| 650 | |a Canción (Música de Concierto) - |x Partituras | ||
| 650 | |a Canción (Música de Concierto) - |z México - |x Partituras | ||
| 650 | |a Nacionalismo en la Música - |x Partituras | ||
| 650 | |a Nacionalismo en la Música - |z México - |x Partituras | ||
| 650 | |a Música Vocal - |x Partituras | ||
| 650 | |a Música Vocal - |z México - |x Partituras | ||
| 650 | |a Música Romántica - |x Partituras | ||
| 650 | |a Música Romántica - |z México - |x Partituras | ||
| 650 | |a Música de Concierto - |x Partituras | ||
| 650 | |a Música de Concierto - |z México - |x Partituras | ||
| 650 | |a Música Mexicana - |x Partituras | ||
| 650 | |a Música Mexicana - |y Siglo XX | ||
| 740 | 0 | |a Tu silencio = |b Your Silence / |c B. Galindo ; texto de E. Nandino. | |
| 740 | 0 | |a Tu vida flotante = |b Your Drifting Life / |c B. Galindo ; texto de E. Nandino. | |
| 740 | 0 | |a Si tu presencia perdí = |b If I Your Presence Lost / |c B. Galindo ; texto de E. Nandino. | |
| 740 | 0 | |a Amoroso torbellino = |b Loving Whirlwing / |c B. Galindo ; texto de E. Nandino. | |
| 740 | 0 | |a Ausencia = |b Absence / |c B. Galindo ; texto de E. Nandino. | |
| 700 | |a Nandino, Elías |e (texto) | ||
| 910 | |a Fondo General | ||
| 920 | |a Impresos - Libros | ||
| 930 | |a Reserva Especial | ||
| 905 | |a 103 | ||
| 901 | |a 0500101010 |b IT1 |c REE |u 20250521 | ||
| 902 | |a https://opac.biblio.iteso.mx/vufind/Record/000165608 | ||